Địa đạo Việt Nam trong kháng chiến chống thực dân Pháp và đế quốc Mỹ
Nội dung sách giới thiệu vài nét về địa đạo và địa đạo Việt Nam trong khác chiến thực dân Pháp và đế quốc Mỹ gồm 28 địa đạo trên toàn quốc. Trong đó có những địa đạo nỗi tiếng đã đi vào lịch sử như: địa đạo Vĩnh Mốc - Quản Trị, địa đạo...
Enregistré dans:
| Auteur principal: | |
|---|---|
| Format: | Livre |
| Langue: | Undetermined |
| Publié: |
Hà Nội
Hồng Đức
2018
|
| Sujets: | |
| Tags: |
Ajouter un tag
Pas de tags, Soyez le premier à ajouter un tag!
|
| Thư viện lưu trữ: | Trung tâm Học liệu Trường Đại học Cần Thơ |
|---|
| LEADER | 01120nam a2200229Ia 4500 | ||
|---|---|---|---|
| 001 | CTU_230352 | ||
| 008 | 210402s9999 xx 000 0 und d | ||
| 020 | |c 65000 | ||
| 082 | |a 959.704 | ||
| 082 | |b Th523 | ||
| 100 | |a Đặng, Việt Thủy | ||
| 245 | 0 | |a Địa đạo Việt Nam trong kháng chiến chống thực dân Pháp và đế quốc Mỹ | |
| 245 | 0 | |c Đặng Việt Thủy | |
| 260 | |a Hà Nội | ||
| 260 | |b Hồng Đức | ||
| 260 | |c 2018 | ||
| 520 | |a Nội dung sách giới thiệu vài nét về địa đạo và địa đạo Việt Nam trong khác chiến thực dân Pháp và đế quốc Mỹ gồm 28 địa đạo trên toàn quốc. Trong đó có những địa đạo nỗi tiếng đã đi vào lịch sử như: địa đạo Vĩnh Mốc - Quản Trị, địa đạo Củ Chi - thành phố Hồ Chí Minh... | ||
| 650 | |a Việt Nam,Vietnam | ||
| 650 | |x Lịch sử,History | ||
| 650 | |y 1945 -,1945 - | ||
| 910 | |b dqhieu | ||
| 980 | |a Trung tâm Học liệu Trường Đại học Cần Thơ | ||